Účinky záření a chemických látek na buňky a organismus

Bibliographic Details
Main Author: Fremith, František (Author)
Format: Book
Language:Undetermined
PhysicalDescription:267 s.
Published: Praha Státní pedagogické nakladatelství 1981

MARC

LEADER 00000nam a2200000 a 4500
001 vtls001402612
003 SK-MaSNL
005 20260416165622.0
008 240318s1981 xx 0 und
035 |a SNK000357156 
040 |a SNK  |b slo  |c SNK  |e AACR2 
100 1 |a Fremith, František  |4 aut  |9 764175 
245 1 0 |a Účinky záření a chemických látek na buňky a organismus 
260 |a Praha  |b Státní pedagogické nakladatelství  |c 1981 
300 |a 267 s. 
958 |a OND 
999 |c 1208669  |d 1210599 
952 |t P60, <04>, [BOOK], {604}  |a SNK  |b SNK  |y VYP  |7 0  |p 17A0262321  |o snkIC 84899  |0 0  |1 0  |4 0  |d 2000-12-08  |l 0  |r 2005-01-02 00:00:00  |w 2026-02-24 
952 |t P60, <04>, [BOOK], {604}  |a SNK  |b SNK  |y VYP  |7 0  |p 17A0315320  |o snkIC 84899 D1  |i snkKIP 6550/81  |0 0  |1 1  |4 0  |d 2001-09-21  |l 0  |r 2005-01-02 00:00:00  |w 2026-02-24